000 00547nam a2200205Ia 4500
005 20250508163829.0
008 008 250505s9999 xx 000 0 eng d
020 _a81-7648-220-X
037 _aTextual
040 _aFEDL
_beng
_cFEDL
041 _aeng
_2eng
084 _a370.7, RAO
_qFEDL
100 _aRao V. K.
245 0 _aTeacher education
260 _aNew Delhi, India
_bA P H Publishing Corporation
_c2001
300 _avi,311p.
650 _aEducation
942 _cTEXL
_h370.7, RAO
999 _c1385494
_d1385494